00357nam a2200073Ia 4500008004100000245005600041300015200097650003400249180130s9999 xx 000 0 und d aRough and tumble : sensing, playing, and maturation aBook title: Somatic experience in psychoanalysis and psychotherapy : in the expressive language of the living--Acession number C20994; pages 98-112 aPSYCHOANALYSIS, PSYCHOTHERAPY